| 000 | 00728nam a2200241Ia 4500 | ||
|---|---|---|---|
| 003 | OSt | ||
| 005 | 20221005084313.0 | ||
| 006 | a|||||r|||| 00| 0 | ||
| 007 | ta | ||
| 008 | 221004b |||||||| |||| 00| 0 eng d | ||
| 024 | _a98393 | ||
| 037 | _cTextual | ||
| 040 |
_aCRL _cCRL _beng |
||
| 041 |
_2eng _aeng |
||
| 082 | _aW81:594.42.N6, L8 | ||
| 100 |
_aTrimberger Ellen Kay _9435163 |
||
| 245 | 0 | _aRevolution from abover military bureaucrats and development in Japan,Turkey,Egypt, and Peru | |
| 260 |
_aNew Jersey _bTransaction Books _c1978 |
||
| 300 |
_avii,193p _ccm. |
||
| 650 | _aPOLITICAL SCIENCE | ||
| 942 |
_hW81:594.42.N6, L8 _cTEXL _2cc |
||
| 999 |
_c992411 _d992411 |
||